La isla del tesoro / (Registro nro. 2996)

Detalles MARC
000 -LEADER
fixed length control field 01358nam a2200205 a 4500
008 - CAMPO DE CONTROL (LIBRO)
fixed length control field 161215e2005 ag |||g |||| 00| f spa d
020 ## - INTERNATIONAL STANDARD BOOK NUMBER
ISBN 9789561317000
041 ## - CODIGO DE IDIOMA
Código de idioma del texto/pista de sonido o título separado spa
092 ## - SIGNATURA TOPOGRAFICA DEWEY LOCAL
número de clasificación 808.8
libristica 81
sección STE
100 1# - ENTRADA PRINCIPAL--NOMBRE PERSONAL
Nombre personal Stevenson, R. L.
9 (RLIN) 3213
245 3# - TITULO PROPIAMENTE DICHO
Título La isla del tesoro /
Mención de responsabilidad y remanente de la transcripción de la portada R. L. Stevenson
250 ## - MENCION DE EDICION
Mención de edición 1a ed. 1ra reimp.
Mención de responsabilidad relacionada con la ed. Texto abreviado de Gisela Silva Encina
260 ## - PIE DE IMPRENTA
Lugar de publicación, distribución, etc Santiago de Chile [Chile]:
Nombre de la editorial, distribuidor, etc Andrés Bello;
Fecha de publicación 2005.
300 ## - DESCRIPCION FISICA
Extension 251 p.
500 ## - NOTA GENERAL
Nota general Stevenson, R. L. (2005). La isla del tesoro. (1a ed.). Santiago de Chile : Andrés Bello.
505 ## - NOTA DE CONTENIDO
Nota de contenido formateada Hasta la posada Almirante Benbow llega un extraño marinero al que persiguen otros individuos de mala catadura. Todos buscan adueñarse de una plano misterioso, que será el origen de una aventurada expedición hacia la isla del tesoro...Un viaje que muy pronto se convierte en una lucha casi desesperada, en que el joven protagonista sobresale como un héroe. Esta obra de Stevenson es un clásico de la literatura juvenil y conserva hasta hoy actualidad e interés. La trama, novelesca y llena de intriga y aventuras, está basada en la realidad histórica de lo que fue la piratería marítima, con sus fabulosos tesoros, sus crímenes y misteriosas hermandades.
590 ## - NOTAS LOCALES (RLIN)
Nota local Proyecto 4to libro. Donación Cabanne, Julia. Mayo 2019
655 ## - MATERIA - GENERO/FORMA
Género/Forma Novela
-- 3091
942 ## - ADDED ENTRY ELEMENTS (KOHA)
Source of classification or shelving scheme Dewey Decimal Classification
Item type LITERATURA
Existencias
Estado de retiro Existencia Fuente de clasificación Estado general No para prestamo Ubicación permanente ubicación actual Sala de ubicación Fecha de adquisición Fuente de adquisición Total Checkouts Número de clasificación Código de barras Date last seen Date last borrowed Número de ejemplar Price effective from Koha tipo de elemento (item) Public note
    Dewey Decimal Classification     Biblioteca Medicina Biblioteca Medicina Circulación 31/05/2019 Donación Cabanne, Julia. Mayo 2019 1 808.8 81 STE 4432 21/06/2019 10/06/2019 Ej. 1 31/05/2019 LITERATURA Proyecto 4to libro. Donación Cabanne, Julia. Mayo 2019

UNIVERSIDAD NACIONAL DEL COMAHUE
Biblioteca de la Facultad de Ciencias Médicas
Sede Toschi: Los Arrayanes y Av. Toschi, Cipolletti  - Rio Negro
Sede Los Tordos:  Yrigoyen al 2211, Cipolletti - Rio Negro 

Teléfono: 0299 - 4774707 int 25
Contacto: biblioteca@facimed.uncoma.edu.ar
© 2011 - 2026